Control de costos en la construcción de un puente
Gardado en:
| Autor Principal: | |
|---|---|
| Formato: | Desconocido |
| Publicado: |
[San José Costa Rica]
1975
|
| Materias: | |
| Etiquetas: |
Engadir etiqueta
Sen Etiquetas, Sexa o primeiro en etiquetar este rexistro!
|
MARC
| LEADER | 00000 a2200000 4500 | ||
|---|---|---|---|
| 003 | 011491 | ||
| 005 | 20221231143821.0 | ||
| 008 | 140114s1975 c a m 000 ||s d | ||
| 040 | |c cru CEDI | ||
| 090 | |a TFG 573 | ||
| 100 | |a Montealegre Guillén, Marco Aurelio |9 16745 | ||
| 245 | |a Control de costos en la construcción de un puente | ||
| 260 | |c 1975 |a [San José Costa Rica] | ||
| 300 | |a 80 hojas : cuadros, gráficos, planos (plegables) | ||
| 500 | |a Tesis (Ingeniero Civil) Universidad de Costa Rica. | ||
| 650 | |x CONSTRUCCION DE PUENTES |9 16746 | ||
| 942 | |c TFG | ||
| 999 | |c 12445 |d 12445 | ||
